| 000 | 01223cam a2200337 a 4500 | ||
|---|---|---|---|
| 999 |
_c129947 _d129947 |
||
| 001 | 13104983 | ||
| 003 | ARRUPE | ||
| 005 | 20191017110615.0 | ||
| 008 | 030226s2002 sa a b 001 0 eng d | ||
| 010 | _a 2003390177 | ||
| 020 | _a0624041794 | ||
| 035 | _a(OCoLC)ocm51521853 | ||
| 040 |
_aEMU _cEMU _dDLC |
||
| 042 | _alccopycat | ||
| 043 | _af------ | ||
| 050 | 0 | 0 |
_aHC800 _b.M54 2002 |
| 082 | 0 | 0 |
_a338.96 _222 |
| 100 | 1 |
_aMills, Greg, _cDr. _948435 |
|
| 245 | 1 | 0 |
_aPoverty to prosperity : _bglobalisation, good governance and African recovery / _cGreg Mills. |
| 260 |
_aJohannesburg : _bSouth African Institute of International Affairs assisted by the Sir Ernest Oppenheimer Memorial Trust : _aCape Town : _bTafelberg, _cc2002. |
||
| 300 |
_a275 p. : _bill. ; _c22 cm. |
||
| 504 | _aIncludes bibliographical references and index. | ||
| 650 | 0 |
_aEconomic development. _99273 |
|
| 650 | 0 |
_aGlobalization. _94951 |
|
| 651 | 0 |
_aAfrica _xEconomic conditions _y1960- _93231 |
|
| 651 | 0 |
_aAfrica _xEconomic policy. _912207 |
|
| 906 |
_a7 _bcbc _ccopycat _d3 _encip _f20 _gy-gencatlg |
||
| 942 |
_2lcc _cMONOGRAPH |
||